<?xml version="1.0" encoding="UTF-8"?><?xml-stylesheet type="text/xsl" href="static/style.xsl"?><OAI-PMH xmlns="http://www.openarchives.org/OAI/2.0/" xmlns:xsi="http://www.w3.org/2001/XMLSchema-instance" xsi:schemaLocation="http://www.openarchives.org/OAI/2.0/ http://www.openarchives.org/OAI/2.0/OAI-PMH.xsd"><responseDate>2026-04-17T20:10:28Z</responseDate><request verb="GetRecord" identifier="oai:riubu.ubu.es:10259/4257" metadataPrefix="marc">https://riubu.ubu.es/oai/request</request><GetRecord><record><header><identifier>oai:riubu.ubu.es:10259/4257</identifier><datestamp>2021-11-10T09:38:26Z</datestamp><setSpec>com_10259_4249</setSpec><setSpec>com_10259_5086</setSpec><setSpec>com_10259_2604</setSpec><setSpec>col_10259_4250</setSpec></header><metadata><record xmlns="http://www.loc.gov/MARC21/slim" xmlns:doc="http://www.lyncode.com/xoai" xmlns:xsi="http://www.w3.org/2001/XMLSchema-instance" xmlns:dcterms="http://purl.org/dc/terms/" xsi:schemaLocation="http://www.loc.gov/MARC21/slim http://www.loc.gov/standards/marcxml/schema/MARC21slim.xsd">
<leader>00925njm 22002777a 4500</leader>
<datafield tag="042" ind1=" " ind2=" ">
<subfield code="a">dc</subfield>
</datafield>
<datafield tag="720" ind1=" " ind2=" ">
<subfield code="a">Herrero Gutiérrez, Ana</subfield>
<subfield code="e">author</subfield>
</datafield>
<datafield tag="720" ind1=" " ind2=" ">
<subfield code="a">Reguera Alonso, Celia</subfield>
<subfield code="e">author</subfield>
</datafield>
<datafield tag="720" ind1=" " ind2=" ">
<subfield code="a">Ortiz Fernández, Mª Cruz</subfield>
<subfield code="e">author</subfield>
</datafield>
<datafield tag="720" ind1=" " ind2=" ">
<subfield code="a">Sarabia Peinador, Luis Antonio</subfield>
<subfield code="e">author</subfield>
</datafield>
<datafield tag="260" ind1=" " ind2=" ">
<subfield code="c">2014-04</subfield>
</datafield>
<datafield tag="520" ind1=" " ind2=" ">
<subfield code="a">The optimization of a GC–MS analytical procedure which includes derivatization, Quick Easy Cheap Effective Rugged and Safe (QuEChERS) and programmed temperature vaporization (PTV) using design of experiments is performed to determine 2,6-dichlorobenzonitrile (dichlobenil) and 2,6-dichlorobenzamide (BAM) in onions, using 3,5-dichlorobenzonitrile and 2,4-dichlorobenzamide as internal standards. The use of a central composite design and two D-optimal designs, together with the desirability function, makes it possible to significantly reduce the economic, time and environmental cost of the study. The usefulness of PARAFAC2 for solving problems as the interference of unexpected derivatization artifacts unavoidably linked to some derivatization agents, or the presence of coeluents from the complex matrix, which share m/z ratios with the target compounds, is shown. The limits of decision (CCα) of the optimized procedure, 5.00 μg kg− 1 for dichlobenil and 1.55 μg kg− 1 for BAM (α = 0.05), are below the maximum residue limit (MRL) established by the EU for dichlobenil (20 μg kg− 1) in this commodity.</subfield>
</datafield>
<datafield tag="024" ind2=" " ind1="8">
<subfield code="a">0169-7439</subfield>
</datafield>
<datafield tag="024" ind2=" " ind1="8">
<subfield code="a">http://hdl.handle.net/10259/4257</subfield>
</datafield>
<datafield tag="024" ind2=" " ind1="8">
<subfield code="a">10.1016/j.chemolab.2013.12.001</subfield>
</datafield>
<datafield ind1=" " ind2=" " tag="653">
<subfield code="a">PTV–GC–MS</subfield>
</datafield>
<datafield ind1=" " ind2=" " tag="653">
<subfield code="a">D-optimal design</subfield>
</datafield>
<datafield ind1=" " ind2=" " tag="653">
<subfield code="a">Parallel factor analysis</subfield>
</datafield>
<datafield ind1=" " ind2=" " tag="653">
<subfield code="a">Desirability function</subfield>
</datafield>
<datafield ind1=" " ind2=" " tag="653">
<subfield code="a">Dichlobenil</subfield>
</datafield>
<datafield ind1=" " ind2=" " tag="653">
<subfield code="a">SANCO/12495/2001</subfield>
</datafield>
<datafield tag="245" ind1="0" ind2="0">
<subfield code="a">Determination of dichlobenil and its major metabolite (BAM) in onions by PTV–GC–MS using PARAFAC2 and experimental design methodology</subfield>
</datafield>
</record></metadata></record></GetRecord></OAI-PMH>